[Event "Speed Chess Super Swiss"]
[Site "chess.com INT"]
[Date "2020.10.03"]
[Round "15"]
[White "Hansen, Eric"]
[Black "Potapova, Margarita"]
[Result "1-0"]
[WhiteElo "2606"]
[BlackElo "2270"]
[PlyCount "99"]
[GameId "2130307592733121"]
[EventDate "2020.10.03"]
[EventType "swiss (blitz)"]
[EventRounds "15"]
[EventCountry "NET"]
[SourceTitle "The Week in Chess 1352"]
[Source "Mark Crowther"]
[SourceDate "2020.10.05"]
[SourceVersion "1"]
[SourceVersionDate "2020.10.05"]
[SourceQuality "2"]

1. Nf3 d5 2. g3 Nf6 3. Bg2 c5 4. O-O e6 5. d3 Nc6 6. Nbd2 g6 7. e4 Bg7 8. Re1 O-O 9. Qe2 a5 10. a4 b6 11. exd5 Nxd5 12. Nc4 Bb7 13. c3 Qd7 14. h4 Rad8 15. h5 Ba6 16. h6 Bh8 17. Bg5 Rc8 18. Rad1 b5 19. axb5 Bxb5 20. Nfd2 f6 21. Ne4 fxg5 22. Nxc5 Qf7 23. Nd6 Qf6 24. Nxb5 Ne5 25. d4 Rxc5 26. dxc5 Ne7 27. Qxe5 Qxe5 28. Rxe5 Bxe5 29. Re1 Bf6 30. Rxe6 Kf7 31. Ra6 Rb8 32. Nd6+ Kf8 33. Nc4 Kf7 34. Rxa5 g4 35. Ra7 Bg5 36. Nd6+ Ke6 37. b4 Rf8 38. Bf1 Rf3 39. Bc4+ Kf6 40. Ne4+ Kf5 41. Nxg5 Kxg5 42. Rxe7 Kxh6 43. Re3 Rf5 44. c6 Rf6 45. b5 Rd6 46. Be2 Rd1+ 47. Bxd1 Kh5 48. c7 g5 49. c8=Q h6 50. Qe8# 1-0

[Event "Titled Tuesday 2020.09.22"]
[Site "chess.com INT"]
[Date "2020.09.22"]
[Round "3"]
[White "Mikhailovsky, Vladimir"]
[Black "Hansen, Eric"]
[Result "1-0"]
[WhiteElo "2228"]
[BlackElo "2606"]
[PlyCount "63"]
[GameId "2130307592970895"]
[EventDate "2020.09.22"]
[EventType "swiss (blitz)"]
[EventRounds "10"]
[EventCountry "NET"]
[SourceTitle "The Week in Chess 1351"]
[Source "Mark Crowther"]
[SourceDate "2020.09.28"]
[SourceVersion "1"]
[SourceVersionDate "2020.09.28"]
[SourceQuality "2"]

1. e4 c5 2. c3 Nf6 3. e5 Nd5 4. d4 cxd4 5. Nf3 Nc6 6. Bc4 e6 7. O-O d6 8. cxd4 Be7 9. Qe2 O-O 10. Nc3 Nxc3 11. bxc3 dxe5 12. dxe5 Qc7 13. Bd3 Rd8 14. Qe4 g6 15. Re1 b6 16. Bc2 Bb7 17. Qg4 Rd5 18. Bf4 Nb4 19. Be4 Nd3 20. Bxd5 Bxd5 21. Re3 Qc4 22. Nd4 Qxc3 23. Rd1 Qxd4 24. Rexd3 Qc4 25. Rd4 Qxa2 26. Bg5 Bf8 27. Bf6 a5 28. h3 a4 29. Qg5 Qc2 30. Rc1 Qf5 31. Qg3 a3 32. Rf4 1-0

[Event "Titled Tuesday 2020.09.22"]
[Site "chess.com INT"]
[Date "2020.09.22"]
[Round "4"]
[White "Hansen, Eric"]
[Black "Potapova, Margarita"]
[Result "1-0"]
[WhiteElo "2606"]
[BlackElo "2270"]
[PlyCount "79"]
[GameId "2130307592975047"]
[EventDate "2020.09.22"]
[EventType "swiss (blitz)"]
[EventRounds "10"]
[EventCountry "NET"]
[SourceTitle "The Week in Chess 1351"]
[Source "Mark Crowther"]
[SourceDate "2020.09.28"]
[SourceVersion "1"]
[SourceVersionDate "2020.09.28"]
[SourceQuality "2"]

1. e4 c5 2. Nf3 d6 3. d4 cxd4 4. Nxd4 Nf6 5. Nc3 a6 6. h3 e5 7. Nde2 b5 8. g4 b4 9. Nd5 Nxd5 10. Qxd5 Ra7 11. Be3 Be6 12. Qd2 Rd7 13. Bg2 Nc6 14. Rd1 h5 15. g5 Be7 16. h4 O-O 17. b3 a5 18. Ng3 g6 19. O-O Qc7 20. Rc1 Rfd8 21. c3 Qb7 22. cxb4 axb4 23. Rfd1 Rc8 24. Kh2 Bg4 25. Re1 Rdc7 26. Rc4 Be6 27. Rc2 Qa6 28. Rec1 Bf8 29. Bf1 Qb7 30. Bc4 Kg7 31. Bd5 Bd7 32. Qe2 Be8 33. Qf3 Qa6 34. Nxh5+ gxh5 35. Qxh5 Kg8 36. g6 Bg7 37. Rg1 Kf8 38. Qg4 Bd7 39. Qf3 Qd3 40. Qxf7# 1-0

[Event "Titled Tuesday 2020.09.22"]
[Site "chess.com INT"]
[Date "2020.09.22"]
[Round "5"]
[White "Hansen, Eric"]
[Black "Samadov, Read"]
[Result "1-0"]
[WhiteElo "2606"]
[BlackElo "2332"]
[PlyCount "69"]
[GameId "2130307592979218"]
[EventDate "2020.09.22"]
[EventType "swiss (blitz)"]
[EventRounds "10"]
[EventCountry "NET"]
[SourceTitle "The Week in Chess 1351"]
[Source "Mark Crowther"]
[SourceDate "2020.09.28"]
[SourceVersion "1"]
[SourceVersionDate "2020.09.28"]
[SourceQuality "2"]

1. e4 c5 2. Nf3 d6 3. Bc4 Nf6 4. d3 Nc6 5. h3 e6 6. O-O Be7 7. Re1 O-O 8. a3 a6 9. Nc3 b5 10. Ba2 Bb7 11. Ne2 d5 12. Ng3 dxe4 13. Nxe4 Nxe4 14. dxe4 Qxd1 15. Rxd1 Rfd8 16. Be3 Na5 17. Nd2 Rd7 18. Kf1 Rad8 19. Ke2 Nc6 20. c3 Ne5 21. f3 Nd3 22. Rab1 a5 23. a4 b4 24. Bc4 Nxb2 25. Rxb2 bxc3 26. Rb6 cxd2 27. Bb5 Rc7 28. Bf4 Rdc8 29. Rxd2 Kf8 30. Bd7 Rxd7 31. Rxd7 Bc6 32. Ra7 Bxa4 33. Rbb7 Re8 34. Rxe7 Rxe7 35. Bd6 1-0

[Event "Titled Tuesday 2020.09.22"]
[Site "chess.com INT"]
[Date "2020.09.22"]
[Round "7"]
[White "Bodnaruk, Anastasia"]
[Black "Hansen, Eric"]
[Result "0-1"]
[WhiteElo "2411"]
[BlackElo "2606"]
[PlyCount "150"]
[GameId "2130307592983411"]
[EventDate "2020.09.22"]
[EventType "swiss (blitz)"]
[EventRounds "10"]
[EventCountry "NET"]
[SourceTitle "The Week in Chess 1351"]
[Source "Mark Crowther"]
[SourceDate "2020.09.28"]
[SourceVersion "1"]
[SourceVersionDate "2020.09.28"]
[SourceQuality "2"]

1. e4 c5 2. Nc3 Nc6 3. Bb5 Nd4 4. Bc4 e6 5. Nf3 a6 6. a4 Ne7 7. O-O Nec6 8. d3 Qc7 9. Re1 Bd6 10. h3 O-O 11. Nxd4 Nxd4 12. Ne2 Nc6 13. c3 Ne5 14. Ba2 b5 15. f4 Ng6 16. e5 Be7 17. d4 Bb7 18. Rf1 f5 19. Rf2 c4 20. g3 Be4 21. Bb1 Qb7 22. Kh2 d6 23. Ng1 dxe5 24. fxe5 Rad8 25. Bxe4 fxe4 26. Rxf8+ Rxf8 27. Qe2 Qd5 28. axb5 axb5 29. Be3 b4 30. Rc1 Rb8 31. h4 Nf8 32. Nh3 bxc3 33. Rxc3 Rb4 34. Nf4 Qb5 35. Rc2 h6 36. Kh3 Rb3 37. Qd2 Rd3 38. Nxd3 exd3 39. Rc1 Bb4 40. Qf2 Qd5 41. Rf1 Qe4 42. Qf7+ Kh7 43. Qf4 Qg6 44. g4 h5 45. gxh5 Qxh5 46. Qg4 Qg6 47. Qxg6+ Nxg6 48. h5 Ne7 49. Rf2 Nf5 50. Bd2 Bxd2 51. Rxd2 Nxd4 52. Kg3 Kh6 53. Kf4 Kxh5 54. Ke4 Nb3 55. Rd1 g5 56. Kf3 Kg6 57. Kg4 Nd4 58. Re1 d2 59. Rd1 Nb3 60. Kf3 Kf5 61. Ke3 Kxe5 62. Ke2 Ke4 63. Rg1 Nd4+ 64. Kd1 Nf3 65. Rg4+ Kd3 66. Rg3 Ke3 67. Rg4 e5 68. Rxc4 e4 69. Rc6 Kf2 70. Re6 e3 71. b4 g4 72. b5 g3 73. b6 g2 74. Rg6 e2+ 75. Kc2 d1=Q+ 0-1

[Event "Titled Tuesday 2020.09.22"]
[Site "chess.com INT"]
[Date "2020.09.22"]
[Round "8"]
[White "Hansen, Eric"]
[Black "Nitish, Belurkar"]
[Result "0-1"]
[WhiteElo "2606"]
[BlackElo "2351"]
[PlyCount "126"]
[GameId "2130307592987568"]
[EventDate "2020.09.22"]
[EventType "swiss (blitz)"]
[EventRounds "10"]
[EventCountry "NET"]
[SourceTitle "The Week in Chess 1351"]
[Source "Mark Crowther"]
[SourceDate "2020.09.28"]
[SourceVersion "1"]
[SourceVersionDate "2020.09.28"]
[SourceQuality "2"]

1. e4 d5 2. exd5 Nf6 3. Bb5+ Bd7 4. Be2 Nxd5 5. d4 Bf5 6. Nf3 e6 7. O-O Be7 8. c4 Nb4 9. Nc3 Nc2 10. Rb1 Nb4 11. Be3 Bxb1 12. Qxb1 O-O 13. Rd1 Bf6 14. a3 N4c6 15. Ne4 Nd7 16. b4 Ne7 17. Neg5 Ng6 18. g3 Re8 19. h4 h6 20. Ne4 Be7 21. h5 Ngf8 22. Qc2 Nf6 23. Nc5 b6 24. Na6 Qc8 25. b5 c6 26. a4 cxb5 27. axb5 N8d7 28. Nh2 Nb8 29. Nxb8 Rxb8 30. Bf3 Qc7 31. Ra1 Rbc8 32. Ra4 Nd5 33. Bd2 Bf6 34. Qa2 Ne7 35. d5 exd5 36. cxd5 Nf5 37. Ng4 Bd4 38. Kg2 Qc2 39. Bf4 Qxa2 40. Rxa2 Rc5 41. d6 Rd8 42. Bc6 Nxd6 43. Bxd6 Rxd6 44. Rxa7 f5 45. Ra8+ Kf7 46. Be8+ Ke7 47. Nh2 Rd8 48. Rxd8 Kxd8 49. Bc6 Rc2 50. Kh3 Rxf2 51. Nf3 Bf6 52. g4 fxg4+ 53. Kxg4 Ke7 54. Kf4 Kd6 55. Ke3 Rc2 56. Ke4 Rc5 57. Be8 Ke7 58. Bg6 Rxb5 59. Nd2 Re5+ 60. Kd3 b5 61. Nf3 Rd5+ 62. Kc2 Rc5+ 63. Kb3 Rc3+ 0-1

[Event "Titled Tuesday 2020.09.01"]
[Site "chess.com INT"]
[Date "2020.09.01"]
[Round "2"]
[White "Manukyan, Artyom"]
[Black "Hansen, Eric"]
[Result "0-1"]
[WhiteElo "2148"]
[BlackElo "2606"]
[PlyCount "88"]
[GameId "2130307593589388"]
[EventDate "2020.09.01"]
[EventType "swiss"]
[EventRounds "10"]
[EventCountry "NET"]
[SourceTitle "10 Days #626"]
[Source "ChessMix"]
[SourceDate "2020.09.10"]
[SourceVersion "1"]
[SourceVersionDate "2020.09.10"]
[SourceQuality "1"]

1. e4 c5 2. Nc3 e6 3. Nge2 a6 4. g3 Qc7 5. Bg2 Nf6 6. d4 cxd4 7. Nxd4 d6 8. O-O Be7 9. h3 Bd7 10. f4 Nc6 11. Nde2 b5 12. a3 h6 13. Be3 Rc8 14. g4 g5 15. fxg5 hxg5 16. Bxg5 Nxg4 17. hxg4 Qa7+ 18. Rf2 Bxg5 19. Kf1 Be3 20. Rf3 Ne5 21. Rh3 Ke7 22. Ng3 Rxh3 23. Bxh3 Rxc3 24. bxc3 Bf4 25. Qd4 Qc7 26. Nh5 Bg5 27. Kg2 Nc4 28. Qg7 Qc5 29. Kh1 Bc6 30. Bg2 Ne3 31. Bf3 Nxc2 32. Rf1 Ne3 33. Rf2 Qe5 34. Bg2 Qxg7 35. Nxg7 Nxg4 36. Re2 Ne5 37. Nh5 Nc4 38. Ra2 Bc1 39. a4 bxa4 40. Ng3 a3 41. Bf1 Ne3 42. Bxa6 Bb2 43. Nf1 Nd1 44. Bd3 Nxc3 0-1

[Event "Titled Tuesday 2020.09.01"]
[Site "chess.com INT"]
[Date "2020.09.01"]
[Round "3"]
[White "Hansen, Eric"]
[Black "Ivanisevic, Ivan"]
[Result "0-1"]
[WhiteElo "2606"]
[BlackElo "2604"]
[PlyCount "122"]
[GameId "2130307593597789"]
[EventDate "2020.09.01"]
[EventType "swiss"]
[EventRounds "10"]
[EventCountry "NET"]
[SourceTitle "10 Days #626"]
[Source "ChessMix"]
[SourceDate "2020.09.10"]
[SourceVersion "1"]
[SourceVersionDate "2020.09.10"]
[SourceQuality "1"]

1. e4 c5 2. Nf3 e6 3. Nc3 Nc6 4. Bb5 Nd4 5. O-O a6 6. Bd3 Ne7 7. Nxd4 cxd4 8. Ne2 Nc6 9. c3 Bc5 10. b4 Ba7 11. Bb2 d5 12. a4 O-O 13. exd5 exd5 14. Qc2 Qh4 15. b5 dxc3 16. Qxc3 d4 17. Qa3 Ne5 18. Ng3 Be6 19. Rae1 Ng4 20. h3 Nxf2 21. Rxf2 axb5 22. Bxb5 d3 23. Qxd3 Rad8 24. Qc3 Bd4 25. Qf3 Bxb2 26. Kh1 g6 27. Ne4 Bd4 28. Rff1 Kg7 29. Qg3 Qxg3 30. Nxg3 Bd5 31. Kh2 f5 32. Ne2 Be5+ 33. Kg1 Be4 34. d4 Bxd4+ 35. Nxd4 Rxd4 36. Rc1 Rfd8 37. Rc7+ Kh6 38. Rf2 Rd2 39. Rxd2 Rxd2 40. g4 f4 41. h4 Rg2+ 42. Kf1 Rxg4 43. Re7 Bf5 44. Rxb7 Rxh4 45. a5 Rh2 46. a6 Ra2 47. a7 Bh3+ 48. Ke1 f3 49. Rf7 f2+ 50. Rxf2 Rxa7 51. Rh2 Ra1+ 52. Kf2 Ra2+ 53. Kg3 Rxh2 54. Kxh2 Bf5 55. Kg3 Kg5 56. Be2 h5 57. Bf3 h4+ 58. Kh2 Kf4 59. Be2 g5 60. Kg2 g4 61. Bf1 g3 0-1

[Event "Titled Tuesday 2020.09.01"]
[Site "chess.com INT"]
[Date "2020.09.01"]
[Round "4"]
[White "Hansen, Eric"]
[Black "Buksa, Nataliya"]
[Result "1/2-1/2"]
[WhiteElo "2606"]
[BlackElo "2410"]
[PlyCount "165"]
[GameId "2130307593606181"]
[EventDate "2020.09.01"]
[EventType "swiss"]
[EventRounds "10"]
[EventCountry "NET"]
[SourceTitle "10 Days #626"]
[Source "ChessMix"]
[SourceDate "2020.09.10"]
[SourceVersion "1"]
[SourceVersionDate "2020.09.10"]
[SourceQuality "1"]

1. e4 c5 2. Nf3 Nc6 3. Bb5 g6 4. Bxc6 dxc6 5. h3 Bg7 6. O-O Nf6 7. d3 Nd7 8. Nc3 e5 9. Be3 b6 10. Qd2 Nf8 11. Bh6 Bf6 12. Ng5 Ne6 13. Nxe6 Bxe6 14. f4 Qd4+ 15. Kh1 O-O-O 16. Rae1 c4 17. f5 gxf5 18. Be3 Qd7 19. exf5 Bd5 20. dxc4 Bxc4 21. Qxd7+ Rxd7 22. Ne4 Bh4 23. Bf2 Bxf1 24. Bxh4 Ba6 25. Bf6 Rg8 26. g4 c5 27. Kh2 Bb7 28. Kg3 Re8 29. Nc3 Rd2 30. Re2 Rxe2 31. Nxe2 Rd8 32. Bxd8 Kxd8 33. Nc3 Ke7 34. h4 a6 35. g5 b5 36. Kf2 b4 37. Na4 Kd6 38. Ke3 Bc8 39. f6 Be6 40. b3 Bg4 41. Nb2 Bf5 42. Kd2 Kd5 43. Nc4 Bg6 44. Ne3+ Ke4 45. Nc4 Kf4 46. c3 e4 47. cxb4 cxb4 48. a3 bxa3 49. Nxa3 e3+ 50. Ke2 Bh5+ 51. Ke1 Kg3 52. Nc4 e2 53. Nd6 Kxh4 54. Ne4 Kg4 55. b4 Kf5 56. Nc5 Kxg5 57. Nxa6 Kxf6 58. b5 Bf3 59. b6 h5 60. Nc5 h4 61. b7 Bxb7 62. Nxb7 h3 63. Nd6 h2 64. Ne4+ Kf5 65. Nf2 Kf4 66. Kxe2 Kg3 67. Kf1 f5 68. Nh1+ Kf3 69. Nf2 f4 70. Nh1 Ke3 71. Nf2 Kf3 72. Nh1 Kg4 73. Nf2+ Kg3 74. Nh1+ Kf3 75. Nf2 Ke3 76. Nh1 f3 77. Nf2 Kf4 78. Nh1 Kg4 79. Nf2+ Kg3 80. Nh1+ Kf4 81. Nf2 h1=Q+ 82. Nxh1 f2 83. Nxf2 1/2-1/2

[Event "Titled Tuesday 2020.09.01"]
[Site "chess.com INT"]
[Date "2020.09.01"]
[Round "5"]
[White "Al Tarbosh, Ward"]
[Black "Hansen, Eric"]
[Result "0-1"]
[WhiteElo "2230"]
[BlackElo "2606"]
[PlyCount "56"]
[GameId "2130307593614548"]
[EventDate "2020.09.01"]
[EventType "swiss"]
[EventRounds "10"]
[EventCountry "NET"]
[SourceTitle "10 Days #626"]
[Source "ChessMix"]
[SourceDate "2020.09.10"]
[SourceVersion "1"]
[SourceVersionDate "2020.09.10"]
[SourceQuality "1"]

1. d4 Nf6 2. Nf3 g6 3. Nc3 d5 4. Bg5 Bg7 5. e3 Ne4 6. Nxe4 dxe4 7. Nd2 c5 8. c3 cxd4 9. cxd4 Nc6 10. Bc4 O-O 11. Nxe4 Qb6 12. O-O Qxb2 13. Rb1 Qa3 14. d5 Ne5 15. Be2 Bf5 16. Rb3 Qxa2 17. Nc3 Qc2 18. Bxe7 Rfc8 19. Nb5 Qxd1 20. Bxd1 Bd3 21. Re1 Bc4 22. d6 Bxb3 23. Bxb3 Bf8 24. Rd1 a6 25. Nc7 Rxc7 26. Bxf8 Rc3 27. d7 Nxd7 28. Bb4 Rxb3 0-1

[Event "Titled Tuesday 2020.09.01"]
[Site "chess.com INT"]
[Date "2020.09.01"]
[Round "6"]
[White "Hansen, Eric"]
[Black "Cerveny, Martin"]
[Result "1/2-1/2"]
[WhiteElo "2606"]
[BlackElo "2383"]
[PlyCount "115"]
[GameId "2130307593627099"]
[EventDate "2020.09.01"]
[EventType "swiss"]
[EventRounds "10"]
[EventCountry "NET"]
[SourceTitle "10 Days #626"]
[Source "ChessMix"]
[SourceDate "2020.09.10"]
[SourceVersion "1"]
[SourceVersionDate "2020.09.10"]
[SourceQuality "1"]

1. e4 c5 2. Nf3 d6 3. c3 Nf6 4. Be2 b6 5. O-O Bb7 6. d3 Qc7 7. Re1 Nbd7 8. Bf1 Rc8 9. Nbd2 e6 10. d4 cxd4 11. cxd4 Qc2 12. Qxc2 Rxc2 13. Bd3 Rc8 14. a3 Be7 15. e5 dxe5 16. dxe5 Nd5 17. Ne4 O-O 18. Bd2 Nc5 19. Nxc5 Bxc5 20. Rad1 Rfd8 21. Bg5 Be7 22. Be4 Bxg5 23. Nxg5 h6 24. Nf3 a5 25. Rd4 Kf8 26. h4 Ke7 27. g3 Ba8 28. Rd3 Nc7 29. Rb3 Bxe4 30. Rxe4 Nd5 31. h5 Rc1+ 32. Kg2 Rdc8 33. Rg4 Kf8 34. Nd4 Rd1 35. Nb5 Rcc1 36. Nd6 Re1 37. Nc4 a4 38. Rb5 f5 39. exf6 Nxf6 40. Rf4 Kg8 41. g4 Nd5 42. Rd4 Re2 43. Nxb6 Rcc2 44. Nxd5 Rxf2+ 45. Kg3 exd5 46. Rb8+ Kh7 47. Rxd5 Rxb2 48. Ra8 Rg2+ 49. Kh3 Rh2+ 50. Kg3 Rbg2+ 51. Kf3 Rf2+ 52. Ke3 Re2+ 53. Kf4 Rhf2+ 54. Kg3 Rg2+ 55. Kf3 Rgf2+ 56. Kg3 Rg2+ 57. Kf3 Rgf2+ 58. Kg3 1/2-1/2

[Event "Titled Tuesday 2020.09.01"]
[Site "chess.com INT"]
[Date "2020.09.01"]
[Round "7"]
[White "Samunenkov, Ihor"]
[Black "Hansen, Eric"]
[Result "0-1"]
[WhiteElo "2142"]
[BlackElo "2606"]
[PlyCount "134"]
[GameId "2130307593643772"]
[EventDate "2020.09.01"]
[EventType "swiss"]
[EventRounds "10"]
[EventCountry "NET"]
[SourceTitle "10 Days #626"]
[Source "ChessMix"]
[SourceDate "2020.09.10"]
[SourceVersion "1"]
[SourceVersionDate "2020.09.10"]
[SourceQuality "1"]

1. d4 Nf6 2. g3 d5 3. Nf3 c6 4. Bg2 Bf5 5. c4 e6 6. Nc3 Be7 7. Qb3 Qb6 8. c5 Qxb3 9. axb3 Na6 10. Ra4 Bc2 11. O-O O-O 12. Ne5 Rfc8 13. Bf4 Nc7 14. Rc1 Bf5 15. Rb4 Rab8 16. Ra1 a6 17. Nxc6 bxc6 18. Rxb8 Rxb8 19. Bxc7 Rxb3 20. Rxa6 Rxb2 21. Bd6 Bxd6 22. cxd6 g5 23. Rxc6 Kg7 24. h3 h5 25. Na4 Rxe2 26. Nc5 Re1+ 27. Kh2 Re2 28. d7 Nxd7 29. Nxd7 Rxf2 30. Kg1 Rd2 31. Ne5 Rxd4 32. Rc7 Bg6 33. Kf2 Kf6 34. Nxg6 Kxg6 35. Ra7 h4 36. gxh4 Rxh4 37. Kg3 Rb4 38. Ra2 f5 39. Ra6 Kf7 40. Kf2 Rb2+ 41. Kf1 Ke7 42. Rc6 Rd2 43. Bf3 Kf6 44. Ke1 Rd4 45. Ke2 Ke5 46. Ke3 Ra4 47. Rb6 Ra3+ 48. Ke2 d4 49. Rc6 Kf4 50. Bh1 Rxh3 51. Bg2 Rg3 52. Kf2 Rc3 53. Rxe6 Rc2+ 54. Kf1 d3 55. Rd6 Ke3 56. Ba8 Rc1+ 57. Kg2 d2 58. Re6+ Kf4 59. Bf3 g4 60. Be2 Re1 61. Kf2 d1=Q 62. Bxd1 Rxe6 63. Bc2 Rd6 64. Kf1 Rd2 65. Bb3 Rb2 66. Ba4 Kf3 67. Bd7 Rb1# 0-1

[Event "Titled Tuesday 2020.09.01"]
[Site "chess.com INT"]
[Date "2020.09.01"]
[Round "8"]
[White "Hansen, Eric"]
[Black "Krysa, Leandro Sergio"]
[Result "0-1"]
[WhiteElo "2606"]
[BlackElo "2531"]
[PlyCount "106"]
[GameId "2130307593647969"]
[EventDate "2020.09.01"]
[EventType "swiss"]
[EventRounds "10"]
[EventCountry "NET"]
[SourceTitle "10 Days #626"]
[Source "ChessMix"]
[SourceDate "2020.09.10"]
[SourceVersion "1"]
[SourceVersionDate "2020.09.10"]
[SourceQuality "1"]

1. e4 d6 2. d4 Nf6 3. Nc3 c6 4. Nf3 Bg4 5. Be2 e6 6. O-O d5 7. Ne5 Bxe2 8. Qxe2 Be7 9. Rd1 O-O 10. a3 Nbd7 11. Nf3 b5 12. e5 Ne8 13. Bf4 Qb6 14. Nb1 c5 15. c3 Nc7 16. Nbd2 a5 17. Bg5 Bxg5 18. Nxg5 h6 19. Ngf3 b4 20. Nf1 Nb5 21. a4 Na7 22. Ne3 Rac8 23. Ng4 cxd4 24. cxd4 b3 25. Qe3 Kh7 26. Rd3 Rc2 27. Rxb3 Qc7 28. h4 Rb8 29. h5 Rxb3 30. Qxb3 Kg8 31. Kh2 Nb6 32. Kh3 Qc6 33. Qe3 Kh7 34. Qf4 Qc7 35. b3 Nc6 36. Re1 f5 37. Ne3 Rc3 38. Rb1 Nb4 39. Kh2 Nd3 40. Qh4 Qf7 41. Kg1 f4 42. Nf1 Rc2 43. N3d2 Qf5 44. Ra1 Qg5 45. Qh3 Qf5 46. Qxf5+ exf5 47. Nf3 Nxf2 48. b4 axb4 49. a5 Na8 50. Rb1 Rc4 51. e6 Ne4 52. Ne5 Rxd4 53. e7 Nf6 0-1

[Event "Titled Tuesday 2020.09.01"]
[Site "chess.com INT"]
[Date "2020.09.01"]
[Round "9"]
[White "Jian, Alex"]
[Black "Hansen, Eric"]
[Result "0-1"]
[WhiteElo "2089"]
[BlackElo "2606"]
[PlyCount "78"]
[GameId "2130307593656343"]
[EventDate "2020.09.01"]
[EventType "swiss"]
[EventRounds "10"]
[EventCountry "NET"]
[SourceTitle "10 Days #626"]
[Source "ChessMix"]
[SourceDate "2020.09.10"]
[SourceVersion "1"]
[SourceVersionDate "2020.09.10"]
[SourceQuality "1"]

1. Nf3 d5 2. b3 Bg4 3. Bb2 Bxf3 4. gxf3 Nc6 5. e3 a6 6. d4 Nf6 7. Nd2 e6 8. Bg2 Ne7 9. c4 c6 10. O-O Nf5 11. f4 Nh4 12. Nf3 Nxf3+ 13. Qxf3 g6 14. Rac1 Bg7 15. Ba3 Qa5 16. Bd6 Ne4 17. Be5 f6 18. Qh3 Ke7 19. Bxe4 dxe4 20. d5 exd5 21. Bc3 Qd8 22. cxd5 Qxd5 23. Rfd1 Qf5 24. Bb4+ Ke8 25. Qxf5 gxf5 26. Rc5 Bf8 27. Rc4 b5 28. Rxc6 Bxb4 29. Rxf6 Rf8 30. Re6+ Kf7 31. Rc6 Rfd8 32. Rc7+ Ke6 33. Rdc1 Be7 34. R1c6+ Rd6 35. Rc2 Rd1+ 36. Kg2 Rg8+ 37. Kh3 Rd6 38. Rb7 Kf7 39. Rcc7 Rh6# 0-1

[Event "Titled Tuesday 2020.09.01"]
[Site "chess.com INT"]
[Date "2020.09.01"]
[Round "10"]
[White "Hansen, Eric"]
[Black "Braun, Arik"]
[Result "1-0"]
[WhiteElo "2606"]
[BlackElo "2609"]
[PlyCount "73"]
[GameId "2130307593664709"]
[EventDate "2020.09.01"]
[EventType "swiss"]
[EventRounds "10"]
[EventCountry "NET"]
[SourceTitle "10 Days #626"]
[Source "ChessMix"]
[SourceDate "2020.09.10"]
[SourceVersion "1"]
[SourceVersionDate "2020.09.10"]
[SourceQuality "1"]

1. e4 c6 2. d4 d5 3. e5 Bf5 4. Nf3 e6 5. Be2 Ne7 6. Nbd2 Nd7 7. Nb3 h6 8. O-O Qc7 9. c3 Bh7 10. Ne1 Nf5 11. Nd3 Be7 12. Nf4 a6 13. g4 Nh4 14. Nh5 Rg8 15. f4 c5 16. Be3 f5 17. dxc5 fxg4 18. Bxg4 Nxc5 19. Nd4 Nf5 20. Bxf5 exf5 21. b4 Ne4 22. Ne6 Qc4 23. Qxd5 Qxd5 24. Nc7+ Kf7 25. Nxd5 g5 26. Kh1 gxf4 27. Nhxf4 Bg5 28. e6+ Kg7 29. Bd4+ Kf8 30. Rae1 Re8 31. Rxe4 Rd8 32. e7+ Kf7 33. exd8=Q Rxd8 34. Re2 Kg8 35. Nf6+ Bxf6 36. Bxf6 Kf7 37. Bxd8 1-0

[Event "Titled Tuesday 2020.08.11"]
[Site "chess.com INT"]
[Date "2020.08.11"]
[Round "6"]
[White "Hansen, Eric"]
[Black "Starozhilov, Leonid"]
[Result "1-0"]
[WhiteElo "2606"]
[BlackElo "2318"]
[PlyCount "63"]
[GameId "2130307594311439"]
[EventDate "2020.08.11"]
[EventType "swiss"]
[EventRounds "10"]
[EventCountry "NET"]
[SourceTitle "10 Days #624"]
[Source "ChessMix"]
[SourceDate "2020.08.20"]
[SourceVersion "1"]
[SourceVersionDate "2020.08.20"]
[SourceQuality "1"]

1. e4 c5 2. Nf3 e6 3. g3 Nc6 4. Bg2 g6 5. O-O Bg7 6. c3 Nge7 7. Re1 O-O 8. d4 cxd4 9. cxd4 d5 10. e5 Nf5 11. Nc3 f6 12. g4 Nfxd4 13. Nxd4 fxe5 14. Nxc6 bxc6 15. h3 Rb8 16. Qc2 e4 17. Nxe4 dxe4 18. Rxe4 Qb6 19. Rb1 Kh8 20. Be3 c5 21. Qxc5 Qd8 22. b4 Bb7 23. Rxe6 Bxg2 24. Kxg2 Rb7 25. Rd6 Qe8 26. Qd5 Re7 27. Bd4 Re2 28. Rd7 Rg8 29. Rxg7 Rxg7 30. Rc1 Ree7 31. Qc6 h5 32. Qxe8+ 1-0

[Event "Titled Tuesday 2020.08.04 10am"]
[Site "chess.com INT"]
[Date "2020.08.04"]
[Round "2"]
[White "Tatarinov, Dmitry"]
[Black "Hansen, Eric"]
[Result "1/2-1/2"]
[WhiteElo "2320"]
[BlackElo "2606"]
[PlyCount "139"]
[GameId "2130307594474906"]
[EventDate "2020.08.04"]
[EventType "k.o. (blitz)"]
[EventRounds "3"]
[EventCountry "NET"]
[SourceTitle "The Week in Chess 1344"]
[Source "Mark Crowther"]
[SourceDate "2020.08.10"]
[SourceVersion "1"]
[SourceVersionDate "2020.08.10"]
[SourceQuality "2"]

1. c4 e5 2. Nc3 Nf6 3. Nf3 Nc6 4. e4 Bb4 5. d3 a6 6. a3 Bc5 7. Rb1 d6 8. Be2 O-O 9. O-O Ba7 10. b4 h6 11. h3 Ne7 12. d4 exd4 13. Nxd4 Ng6 14. Be3 Re8 15. Qc2 Qe7 16. Bd3 Ne5 17. Rfe1 Nxd3 18. Qxd3 c6 19. f3 Rd8 20. Rbd1 Bd7 21. Bf2 Rac8 22. Nb3 Bxf2+ 23. Kxf2 Be8 24. Kg1 b5 25. cxb5 axb5 26. Qe3 Ra8 27. Na5 Qc7 28. e5 dxe5 29. Qxe5 Qb6+ 30. Qe3 Qc7 31. Ne4 Nd5 32. Qc5 Rac8 33. Nc3 Nf4 34. Qe3 Rxd1 35. Rxd1 c5 36. Nd5 Nxd5 37. Rxd5 c4 38. Rc5 Qd7 39. Rxc8 Qxc8 40. Qc3 Qc7 41. Nb3 Qf4 42. Nd4 Bd7 43. Kf2 Qh4+ 44. Ke2 g6 45. Qe3 Qf6 46. Kd2 g5 47. Kc3 h5 48. g4 h4 49. Kc2 Kf8 50. Qe4 Qd6 51. Kc3 Kg7 52. Nf5+ Bxf5 53. Qxf5 f6 54. a4 Qd1 55. axb5 Qb3+ 56. Kd4 Qxb4 57. Qd7+ Kh6 58. Qc6 c3+ 59. Kd3 Qb3 60. Ke4 c2 61. b6 Qb1 62. Qxf6+ Kh7 63. Qf5+ Kh6 64. Qf6+ Kh7 65. Qe7+ Kh6 66. Qe6+ Kh7 67. Qd7+ Kh6 68. Qe6+ Kh7 69. Qf7+ Kh6 70. Qf6+ 1/2-1/2

[Event "Titled Tuesday 2020.08.04 10am"]
[Site "chess.com INT"]
[Date "2020.08.04"]
[Round "3"]
[White "Hansen, Eric"]
[Black "Kozionov, Kirill"]
[Result "1-0"]
[WhiteElo "2606"]
[BlackElo "2470"]
[PlyCount "85"]
[GameId "2130307594474950"]
[EventDate "2020.08.04"]
[EventType "k.o. (blitz)"]
[EventRounds "3"]
[EventCountry "NET"]
[SourceTitle "The Week in Chess 1344"]
[Source "Mark Crowther"]
[SourceDate "2020.08.10"]
[SourceVersion "1"]
[SourceVersionDate "2020.08.10"]
[SourceQuality "2"]

1. e4 c5 2. Nf3 d6 3. c3 Nf6 4. Be2 Nbd7 5. d3 b6 6. O-O Bb7 7. Re1 g6 8. Bf1 Bg7 9. Nbd2 O-O 10. d4 cxd4 11. cxd4 Rc8 12. Bd3 Qc7 13. Nf1 e5 14. d5 Nc5 15. Ng3 Nxd3 16. Qxd3 Nd7 17. Bd2 Nc5 18. Qa3 a5 19. Rac1 Ba6 20. b4 axb4 21. Bxb4 Ra8 22. Qe3 Qd7 23. Rc3 Bb5 24. a3 Kh8 25. h4 f5 26. exf5 gxf5 27. Nh5 f4 28. Qd2 Qf5 29. Nxg7 Kxg7 30. Ng5 Kh8 31. Bxc5 bxc5 32. Rb3 Bd7 33. Rb7 Rg8 34. Qe2 f3 35. Qxf3 Qxf3 36. Nxf3 Bg4 37. Ng5 Rg7 38. Rb6 h6 39. Ne4 Rxa3 40. Rxd6 Bf3 41. Rxh6+ Kg8 42. Ng5 Bxd5 43. Rxe5 1-0